| 000 | 00410 a2200109 4500 | ||
|---|---|---|---|
| 001 | ART_51317 | ||
| 005 | 20260410161822.0 | ||
| 008 | 260409a | ||
| 245 | 1 | 0 | _aAnálisis exegético de los delitos de evasión tributaria a la luz del nuevo régimen penal tributario. Ley 27430 |
| 100 | 1 | _aBello, Alberto M. | |
| 773 | 0 |
_tDoctrina Penal Tributaria y Económica _g- N° 56 (jun. 2020) _wREV4317 |
|
| 999 |
_c22458 _d22458 |
||